Các chuẩn giáo dục và chất lượng lực lượng lao động /

Gespeichert in:
Bibliographische Detailangaben
1. Verfasser: Feliko, Pavlov.
Format: Artikel
Sprache:Vietnamese
Schlagworte:
Tags: Tag hinzufügen
Keine Tags, Fügen Sie den ersten Tag hinzu!
Thư viện lưu trữ: Thư viện Trường Đại học Đà Lạt
LEADER 00739nam a2200253 4500
001 DLU090101504
005 ##20091202
040 # # |a DLU  |b vie 
041 # # |a vie 
044 # # |a vn 
100 # # |a Feliko, Pavlov. 
245 # # |a Các chuẩn giáo dục và chất lượng lực lượng lao động /  |c  Pavlov Feliko. 
653 # # |a Giáo dục 
653 # # |a Nguồn lao động 
773 # # |t Thông tin Khoa học Xã hội  |g Số 2(254), 2004, tr. 45-51 
920 # # |a Phòng Tạp chí -- Trung tâm Thông tin - Thư viện Trường Đại học Đà Lạt 
994 # # |a DLU 
900 # # |a True 
911 # # |a Đào Thị Thu Huyền 
925 # # |a G 
926 # # |a A 
927 # # |a BB 
980 # # |a Thư viện Trường Đại học Đà Lạt